[Event "64. Offene Kölner Stadtmeisterschaft"]
[Site "Köln"]
[Date "2024.05.11"]
[Round "5.6"]
[White "Asadzade, Idris"]
[Black "Van den Bosch, Arno"]
[Result "1/2-1/2"]
[WhiteElo "2233"]
[BlackElo "2044"]
[PlyCount "198"]
[WhiteTeam "SG Solingen e. V"]
[BlackTeam "Dolle Toren Leuven"]

1. c4 e6 2. g3 d5 3. Nf3 Nf6 4. Bg2 Be7 5. O-O O-O 6. d4 dxc4 7. Qa4 a6 8. Qxc4
b5 9. Qc2 Bb7 10. Bd2 Nbd7 11. Ba5 Rc8 12. Nbd2 Qe8 13. b4 Bd6 14. Rfe1 e5 15.
Nxe5 Bxg2 16. Nxd7 Qxd7 17. Kxg2 Nd5 18. Qb3 Ne7 19. Nf3 Nc6 20. e4 Nxa5 21.
bxa5 c5 22. dxc5 Bxc5 23. e5 Kh8 24. Rad1 Qe7 25. Rd5 Bb4 26. Red1 Rc3 27. Qb1
Bxa5 28. a4 f6 29. Qe4 Rc4 30. R1d4 Rxd4 31. Qxd4 fxe5 32. Nxe5 Qb7 33. axb5
axb5 34. f3 Bc3 35. Qc5 Qc8 36. Nd7 Re8 37. Qxb5 Qa8 38. Nb6 Qa2+ 39. Kh3 Rg8
40. Qd3 Bf6 41. Nd7 Qa1 42. Nc5 Qc3 43. Qe2 Qb2 44. Qe6 Qf2 45. Rf5 Qf1+ 46.
Kg4 Qc1 47. Ne4 Qh6 48. h4 Qg6+ 49. Kh3 Re8 50. Qd7 Rf8 51. g4 h6 52. h5 Qf7
53. Nxf6 gxf6 54. Qd2 Kg7 55. Rd5 Re8 56. Qd3 Re7 57. Rd8 Rb7 58. Qf5 Rc7 59.
Rb8 Rc1 60. Rd8 Rc7 61. Ra8 Rd7 62. Qf4 Qb3 63. Qf5 Qd3 64. Qxd3 Rxd3 65. Ra7+
Kg8 66. Kg3 Rd4 67. Kf2 Rb4 68. Ke3 Rc4 69. Rd7 Rb4 70. Rd4 Rb7 71. Ke4 Kf7 72.
Kd5 Rb3 73. f4 Rg3 74. f5 Rg1 75. Kd6 Rc1 76. Kd7 Re1 77. Kd8 Re8+ 78. Kc7 Re1
79. Rd7+ Kg8 80. Kd6 Re4 81. Re7 Rxg4 82. Ke6 Rg5 83. Kxf6 Rxh5 84. Re8+ Kh7
85. Ke6 Rh1 86. f6 Re1+ 87. Kf7 Rb1 88. Re3 Rb7+ 89. Re7 Rb8 90. Rc7 Ra8 91.
Rd7 Rb8 92. Ke6+ Kg8 93. Rg7+ Kf8 94. Rf7+ Kg8 95. Rc7 Kf8 96. Rc6 Ra8 97. Kf5
Ra5+ 98. Kg6 Rg5+ 99. Kxh6 Rg1 1/2-1/2

[Event "64. Offene Kölner Stadtmeisterschaft"]
[Site "Köln"]
[Date "2024.05.11"]
[Round "5.7"]
[White "Marcziter, Dmitrii"]
[Black "Bien, Stefan"]
[Result "1-0"]
[WhiteElo "2221"]
[BlackElo "1986"]
[PlyCount "73"]
[WhiteTeam "SG Porz e. V."]
[BlackTeam "SV Horrem 1948"]

1. d4 c6 2. c4 d5 3. Nf3 Nf6 4. Nc3 e6 5. e3 Nbd7 6. Qc2 Bd6 7. g4 dxc4 8. g5
Nd5 9. Bxc4 N7b6 10. Be2 Qe7 11. Bd2 e5 12. Ne4 Bb8 13. Nxe5 Bxe5 14. dxe5 Qxe5
15. O-O-O Bh3 16. Bd3 O-O-O 17. Nc5 Nd7 18. Nb3 Bg4 19. Rde1 Bf3 20. Rhg1 Qxh2
21. Nd4 Ne5 22. Bf5+ Kb8 23. Ba5 g6 24. Bxd8 Rxd8 25. Be4 Nb4 26. Nxf3 Nxf3 27.
Qb3 Nxe1 28. Rxe1 Qd6 29. Kb1 Qd2 30. Rc1 Qd6 31. a3 Nd5 32. Rh1 Qe6 33. Bxd5
Rxd5 34. Rxh7 Qf5+ 35. Ka2 Qxf2 36. Qb4 a5 37. Qb6 1-0

[Event "64. Offene Kölner Stadtmeisterschaft"]
[Site "Köln"]
[Date "2024.05.11"]
[Round "5.8"]
[White "Stewart, Neil"]
[Black "Harringer, Manfred"]
[Result "1-0"]
[WhiteElo "2194"]
[BlackElo "1963"]
[PlyCount "131"]
[WhiteTeam "SV 03/25 Koblenz"]
[BlackTeam "Bergische SF 1923 Ber"]

1. e4 e5 2. Nf3 Nc6 3. Nc3 Nf6 4. Bb5 Bd6 5. O-O O-O 6. Bxc6 dxc6 7. d3 Bg4 8.
h3 Bh5 9. Kh1 Nd7 10. g4 Bg6 11. Be3 Qe7 12. Ne2 h5 13. Ng3 hxg4 14. hxg4 f6
15. Nh4 Kf7 16. Kg2 Rh8 17. Rh1 Rxh4 18. Rxh4 f5 19. gxf5 Qxh4 20. Qf3 Nf6 21.
fxg6+ Kxg6 22. Qf5+ Kf7 23. Bg5 Qg4 24. Bxf6 Qxf5 25. Nxf5 Kxf6 26. Rh1 a5 27.
Rh3 Rg8 28. Rf3 Ke6 29. c3 c5 30. Rg3 Kf6 31. a4 b6 32. Ne3 c6 33. Nf5 Bc7 34.
Nh4 g6 35. Nf5 Rd8 36. Ne3 Kf7 37. Ng4 Kg7 38. Rf3 Rf8 39. Rxf8 Kxf8 40. Ne3
Kf7 41. Kf3 Ke6 42. Kg4 Kf7 43. b3 Kg7 44. Nc2 Bd6 45. f3 Kf6 46. d4 Be7 47.
dxe5+ Kxe5 48. Ne1 Kd6 49. Nd3 c4 50. bxc4 b5 51. cxb5 cxb5 52. axb5 a4 53. Nb2
a3 54. Nc4+ Ke6 55. Nxa3 Bxa3 56. b6 Bc5 57. b7 Bd6 58. f4 Kf7 59. e5 Bc7 60.
c4 Ke6 61. Kg5 Kf7 62. c5 Bd8+ 63. Kg4 Bc7 64. Kf3 Ke6 65. Ke4 Bb8 66. Kd4 1-0

[Event "64. Offene Kölner Stadtmeisterschaft"]
[Site "Köln"]
[Date "2024.05.11"]
[Round "5.9"]
[White "Schläbitz, Joel"]
[Black "Fohler, Claus"]
[Result "0-1"]
[WhiteElo "1954"]
[BlackElo "2189"]
[PlyCount "120"]
[WhiteTeam "SF Köln-Longerich 195"]
[BlackTeam "Kölner Schachklub Dr. Lasker 186"]

1. e4 d5 2. exd5 Qxd5 3. Nc3 Qd8 4. Nf3 Bg4 5. Bc4 e6 6. h3 Bxf3 7. Qxf3 c6 8.
O-O Nf6 9. Re1 Be7 10. d3 Nbd7 11. Ne4 Ne5 12. Qg3 Nxc4 13. Qxg7 Rf8 14. dxc4
Nxe4 15. Rxe4 Qd1+ 16. Kh2 Bd6+ 17. g3 Qxc2 18. Qd4 O-O-O 19. Qe3 f5 (19...
Bxg3+) 20. Rd4 e5 21. Qd2 Qxd2 22. Rxd2 e4 (22... f4) 23. Re2 Rg8 24. Be3 b6
25. a4 Kb7 26. a5 c5 27. axb6 axb6 28. b3 Be5 29. Raa2 (29. Ra4 h5 30. h4 Rg4)
29... Rd3 30. Red2 Rgd8 31. Kg2 Bc3 32. Re2 (32. Rxd3) 32... Bb4 33. f3 (33.
Ra1 Rxb3 34. Rea2) 33... Rxb3 34. fxe4 fxe4 35. Bf4 Re8 36. Re3 Rxe3 37. Bxe3
Bc3 38. Rf2 Re7 39. Bg5 Rd7 40. Be3 Bd4 41. Rd2 Kc6 42. Bf4 b5 43. cxb5+ Kxb5
44. Kf1 Kc4 45. Ke2 Ra7 46. Rc2+ Kd5 47. Rd2 Ra3 48. h4 e3 49. Rc2 Ke4 50. Bd6
Ra6 51. Be7 h6 52. g4 Re6 53. Rxc5 Rxe7 54. Rc6 Rg7 55. Re6+ Be5 56. g5 hxg5
57. h5 Ra7 58. h6 Ra2+ 59. Kf1 Kf3 60. Rxe5 Ra1# 0-1

[Event "64. Offene Kölner Stadtmeisterschaft"]
[Site "Köln"]
[Date "2024.05.11"]
[Round "5.10"]
[White "Dekker, Jasper"]
[Black "Huesmann, Thomas"]
[Result "1/2-1/2"]
[WhiteElo "1949"]
[BlackElo "2178"]
[PlyCount "75"]
[WhiteTeam "Amsterdam-West / SC Bergen (NED)"]
[BlackTeam "Aachener SV 1856 e. V."]

1. e4 e5 2. Nf3 Nc6 3. Bb5 a6 4. Bxc6 dxc6 5. O-O f6 6. d4 Bg4 7. c3 Bd6 8.
Nbd2 Nh6 9. Qb3 b5 10. h3 Bd7 11. c4 exd4 12. c5 Be5 13. Qd3 Be6 14. b3 Qd7 15.
Bb2 Rd8 16. Nxe5 fxe5 17. f4 exf4 18. Rxf4 Nf7 19. Nf3 O-O 20. Qxd4 Qxd4+ 21.
Nxd4 Bd7 22. Raf1 Ne5 23. Nf5 Ng6 24. R4f2 Bxf5 25. exf5 Nh8 26. f6 gxf6 27.
Bxf6 Rd5 28. Be7 Rxf2 29. Rxf2 Ng6 30. Bf6 Rxc5 31. Bd8 Rd5 32. Bxc7 Rd7 33.
Ba5 Rd6 34. Kf1 Rd1+ 35. Ke2 Ra1 36. Ke3 Rd1 37. Ke4 Rd5 38. Rf5 1/2-1/2

[Event "64. Offene Kölner Stadtmeisterschaft"]
[Site "Köln"]
[Date "2024.05.11"]
[Round "6.1"]
[White "Poetsch, Hagen"]
[Black "Vlasov, Igor"]
[Result "1/2-1/2"]
[WhiteElo "2459"]
[BlackElo "2048"]
[PlyCount "60"]
[WhiteTeam "SC Heusenstamm"]
[BlackTeam "Brühler SK 1920 e. V."]

1. e4 c6 2. d4 d5 3. e5 Bf5 4. Nf3 e6 5. Be2 Nd7 6. O-O a6 7. Nbd2 Ne7 8. Nh4
h6 9. Nxf5 Nxf5 10. c3 h5 11. Bd3 g6 12. Nf3 Be7 13. b3 Qa5 14. Bd2 Qb6 15.
Bxf5 gxf5 16. c4 Nf8 17. Rc1 Ng6 18. Bg5 Bxg5 19. Nxg5 Qd8 20. Nf3 Rg8 21. Qd2
Nh4 22. Nxh4 Qxh4 23. f4 O-O-O 24. Qf2 Qxf2+ 25. Kxf2 dxc4 26. Rxc4 h4 27. Rd1
Kc7 28. a4 Rd5 29. Rc5 Rd7 30. b4 Rgd8 1/2-1/2

[Event "64. Offene Kölner Stadtmeisterschaft"]
[Site "Köln"]
[Date "2024.05.11"]
[Round "6.2"]
[White "Coenen, Michael"]
[Black "Menzel, Maximilian"]
[Result "1/2-1/2"]
[WhiteElo "2368"]
[BlackElo "2139"]
[PlyCount "67"]
[WhiteTeam "SV Dormagen 1947"]
[BlackTeam "SG Porz e. V."]

1. d4 Nf6 2. g3 d5 3. Bg2 c5 4. Nf3 cxd4 5. O-O e6 6. Nxd4 e5 7. Nb3 Be6 8. Bg5
Nbd7 9. e3 Be7 10. f4 exf4 11. exf4 h6 12. Bxf6 Nxf6 13. h3 O-O 14. Kh2 Bf5 15.
Nc3 Rc8 16. Rc1 Be4 (16... Ba3) 17. Nxe4 dxe4 18. c3 Re8 19. Qc2 Bd6 20. Rce1
Qe7 21. Re2 h5 22. Kh1 h4 23. g4 Qc7 24. Qd2 Rcd8 25. Nd4 Bc5 26. Qe1 Bxd4 27.
cxd4 Rxd4 28. Qxh4 Qc4 29. Qf2 Nd5 30. f5 e3 31. Bxd5 Rxd5 32. Qf3 Rd2 33. Rfe1
Rxe2 34. Rxe2 1/2-1/2

[Event "64. Offene Kölner Stadtmeisterschaft"]
[Site "Köln"]
[Date "2024.05.11"]
[Round "6.3"]
[White "Stillger, Bernhard"]
[Black "Nagel, Bernhard"]
[Result "1/2-1/2"]
[WhiteElo "2262"]
[BlackElo "2171"]
[PlyCount "107"]
[WhiteTeam "SV Mülheim-Nord 1931 e"]
[BlackTeam "Kölner SK Dr. Lasker 186"]

1. d4 d5 2. c4 e6 3. Nf3 Nf6 4. Nc3 Be7 5. Bf4 O-O 6. e3 Nbd7 7. a3 c5 8. cxd5
Nxd5 9. Nxd5 exd5 10. dxc5 Nxc5 11. Be5 Be6 12. Be2 Bf6 13. Bxf6 Qxf6 14. Qd4
Qe7 15. Rd1 b6 16. O-O Rac8 17. Qf4 Qc7 18. Qxc7 Rxc7 19. Nd4 Na4 20. Rd2 Rfc8
21. Ba6 Rd8 22. Bb5 Bd7 23. Bxa4 Bxa4 24. f3 Kf8 25. Kf2 a6 26. Rb1 Rdc8 27. b3
Bd7 28. Rbb2 g5 29. Rbc2 Ke7 30. Rxc7 Rxc7 31. Rc2 Rc5 32. Ke2 Kd6 33. Kd3 Be6
34. g3 Bd7 35. f4 f6 36. h4 gxh4 37. gxh4 Bg4 38. Rg2 h5 39. Rc2 Bh3 40. Kd2
Bg2 41. Rc1 Bh3 42. Rc3 Bd7 43. Kd3 Bh3 44. b4 Bf1+ 45. Kd2 Rxc3 46. Kxc3 Bh3
47. Ne2 Bg4 48. Nd4 Bh3 49. Kd2 Bd7 50. Kd3 Bb5+ 51. Kd2 Bd7 52. Kd3 Bb5+ 53.
Kd2 Bd7 54. Kd3 1/2-1/2

[Event "64. Offene Kölner Stadtmeisterschaft"]
[Site "Köln"]
[Date "2024.05.11"]
[Round "6.4"]
[White "Schwibbert, Jonas"]
[Black "Helmer, Jan"]
[Result "0-1"]
[WhiteElo "2129"]
[BlackElo "2236"]
[PlyCount "74"]
[WhiteTeam "Klub Kölner SF e. V."]
[BlackTeam "Hamelner SV"]

1. e4 c5 2. c3 Nf6 3. e5 Nd5 4. Nf3 Nc6 5. Bc4 Nb6 6. Bb3 d5 7. exd6 c4 8. Bc2
Qxd6 9. O-O Bg4 10. Re1 Qf6 11. Na3 Bxf3 12. Qxf3 Qxf3 13. gxf3 e6 14. b3 Bxa3
15. Bxa3 O-O-O 16. Rad1 Rd5 17. Bc1 Ne5 18. Be4 Ra5 19. bxc4 Nexc4 20. Bb1 Rd8
21. d3 Na3 22. Bxa3 Rxa3 23. Rc1 Kb8 24. c4 Na4 25. Re3 Nc3 26. d4 Nxb1 27.
Rxb1 Rxa2 28. d5 Ra6 29. Kf1 Rd7 30. dxe6 Rxe6 31. Rbe1 Rc6 32. Re4 a6 33. R1e3
Rdc7 34. Re8+ Ka7 35. R3e4 Rxc4 36. Rxc4 Rxc4 37. Re7 Rf4 0-1

[Event "64. Offene Kölner Stadtmeisterschaft"]
[Site "Köln"]
[Date "2024.05.11"]
[Round "6.5"]
[White "van der Valk, Niklas"]
[Black "Marcziter, Dmitrii"]
[Result "0-1"]
[WhiteElo "2131"]
[BlackElo "2221"]
[PlyCount "68"]
[WhiteTeam "Krefelder SK Turm 1851 e"]
[BlackTeam "SG Porz e. V."]

1. e4 c5 2. Nf3 e6 3. d4 cxd4 4. Nxd4 a6 5. c4 Nf6 6. Nc3 Qc7 7. a3 b6 8. Be3
Bb7 9. f3 Nc6 10. Be2 Ne5 11. Rc1 Ng6 12. g3 h5 13. O-O h4 14. Kg2 Rc8 15. b4
Qb8 16. Nb3 Bd6 17. Qe1 Bc7 18. c5 b5 19. Na5 Ba8 20. a4 Bc6 21. Nxc6 dxc6 22.
axb5 axb5 23. f4 Rd8 24. e5 Nd5 25. Nxd5 exd5 26. Bd4 Kf8 27. Bd3 Re8 28. Qd1
Qc8 29. Rh1 hxg3 30. hxg3 Rxh1 31. Qxh1 Nxf4+ 32. gxf4 Qg4+ 33. Kf2 Qxf4+ 34.
Ke2 Qxd4 0-1

[Event "64. Offene Kölner Stadtmeisterschaft"]
[Site "Köln"]
[Date "2024.05.11"]
[Round "6.6"]
[White "Gramb, Marius"]
[Black "Stewart, Neil"]
[Result "1-0"]
[WhiteElo "2121"]
[BlackElo "2194"]
[PlyCount "79"]
[WhiteTeam "Brühler SK 1920 e. V."]
[BlackTeam "SV 03/25 Koblenz"]

1. e4 c6 2. d4 d5 3. e5 c5 4. Nf3 Nc6 5. dxc5 Bg4 6. Bb5 Qa5+ 7. Nc3 e6 8. Be3
Nh6 9. h3 Bxf3 10. Qxf3 Nf5 11. a3 a6 12. Bxc6+ bxc6 13. b4 Qc7 14. Bf4 g5 15.
Bh2 Bg7 16. O-O h5 17. Rfe1 g4 18. Qd3 Bh6 19. Ne2 Rg8 20. h4 Qe7 21. Bg3 Rg6
22. Nd4 Nxh4 23. Nxc6 Qg5 24. c4 Nf5 25. cxd5 h4 26. d6 Kd7 27. Ne7 Nxe7 28.
dxe7+ Ke8 29. Qd6 hxg3 30. Qc6+ Kxe7 31. Qb7+ Kf8 32. Qxa8+ Kg7 33. fxg3 Qh5
34. Qe4 Bd2 35. c6 Rh6 36. c7 Bxe1 37. Rxe1 Qh2+ 38. Kf2 f5 39. Qf4 Rh8 40.
Qg5+ 1-0

[Event "64. Offene Kölner Stadtmeisterschaft"]
[Site "Köln"]
[Date "2024.05.11"]
[Round "6.7"]
[White "Fohler, Claus"]
[Black "Kanli, Kaan"]
[Result "1/2-1/2"]
[WhiteElo "2189"]
[BlackElo "2047"]
[PlyCount "123"]
[WhiteTeam "Kölner Schachklub Dr. Lasker 186"]
[BlackTeam "SG Rochade Brauw"]

1. d4 Nf6 2. Nc3 d5 3. Bf4 c5 4. e4 dxe4 5. dxc5 Qa5 6. Be3 Nc6 7. Bb5 Bg4 8.
Qd4 Rd8 9. Qa4 Qxa4 10. Bxa4 e5 11. Nge2 Bxe2 12. Kxe2 Be7 13. Rhd1 O-O 14.
Bxc6 bxc6 15. a3 h6 16. b4 Nd5 17. Na4 f5 18. g3 g5 19. c4 Nc7 20. Rxd8 Rxd8
21. Rd1 Rxd1 22. Kxd1 h5 23. Nc3 Ne6 24. a4 f4 25. Bc1 e3 26. fxe3 fxg3 27.
hxg3 h4 28. g4 h3 29. Ne4 h2 30. Nf2 a5 31. Ba3 axb4 32. Bxb4 Bxc5 33. Bxc5
Nxc5 34. a5 Kf7 35. Ke2 Ke7 36. Kf1 Ne4 37. Nh1 Kd6 38. Kg2 Kc7 39. Kxh2 Kb7
40. Kg2 Ka6 41. Kf3 Nd2+ 42. Ke2 Nxc4 43. Nf2 Nd6 44. Nh3 Nf7 45. Kd3 Kxa5 46.
Ke4 c5 47. Kd5 Kb5 48. Ng1 Nh6 49. Kxe5 Nxg4+ 50. Kf5 Nxe3+ 51. Kxg5 Kc4 52.
Nf3 Kd3 53. Kf4 Nc4 54. Ng5 Ne3 55. Nf3 Nd5+ 56. Ke5 Nb6 57. Kd6 Na4 58. Kd5
Kc3 59. Ne5 Kb3 60. Nc6 c4 61. Na5+ Kb4 62. Nxc4 1/2-1/2

[Event "64. Offene Kölner Stadtmeisterschaft"]
[Site "Köln"]
[Date "2024.05.11"]
[Round "6.8"]
[White "Keller, Thomas"]
[Black "Vieira, Daniel"]
[Result "1-0"]
[WhiteElo "2218"]
[BlackElo "1804"]
[PlyCount "47"]
[WhiteTeam "Brühler SK 1920 e. V."]
[BlackTeam "Kölner SK Dr. Lasker 186"]

1. e4 e6 2. d4 d5 3. Nd2 c5 4. Ngf3 cxd4 5. exd5 Qxd5 6. Bc4 Qd8 7. O-O Nc6 8.
Nb3 a6 9. Nbxd4 Nxd4 10. Nxd4 Qc7 11. Qe2 Be7 12. b3 Nf6 13. Bb2 b5 14. Bd3 O-O
15. Rac1 Nd5 16. g3 b4 17. Nf3 Bf6 18. Qe4 Rd8 19. Qxh7+ Kf8 20. Bxf6 gxf6 21.
Rfe1 Bd7 22. Nh4 Be8 23. Nf5 Ne7 24. Qg7# 1-0

[Event "64. Offene Kölner Stadtmeisterschaft"]
[Site "Köln"]
[Date "2024.05.11"]
[Round "6.9"]
[White "Marcziter, Alex"]
[Black "Asadzade, Idris"]
[Result "1/2-1/2"]
[WhiteElo "1969"]
[BlackElo "2233"]
[PlyCount "97"]
[WhiteTeam "SG Porz e. V."]
[BlackTeam "SG Solingen e. V"]

1. e4 e6 2. d4 d5 3. e5 c5 4. c3 Nc6 5. Nf3 Nge7 6. a3 cxd4 7. cxd4 Nf5 8. b4
a5 9. b5 Nb8 10. Bb2 Nd7 11. Bd3 Nb6 12. a4 Bb4+ 13. Bc3 Be7 14. Nbd2 Bd7 15.
Qb3 O-O 16. O-O Qc7 17. Rfc1 Rfc8 18. Bb2 Qd8 19. Ba3 Rxc1+ 20. Rxc1 Rc8 21.
Rxc8 Nxc8 22. Bxe7 Nfxe7 23. Qc3 Ng6 24. g3 f6 25. Qc2 Be8 26. Nb3 b6 27. Kg2
Nce7 28. h4 Qb8 29. Qe2 Qc8 30. Qc2 Qb8 31. Qe2 Bf7 32. h5 Nf8 33. h6 Nfg6 34.
hxg7 Kxg7 35. Qe3 Qc7 36. exf6+ Kxf6 37. Ne5 Kg7 38. Nxf7 Kxf7 39. f4 Qd6 40.
Nd2 Qb4 41. Nf3 h6 42. f5 Nxf5 43. Bxf5 exf5 44. Qxh6 Qe7 45. Ng5+ Kf6 46. Nh7+
Kf7 47. Ng5+ Kf6 48. Nh7+ Kf7 49. Ng5+ 1/2-1/2

[Event "64. Offene Kölner Stadtmeisterschaft"]
[Site "Köln"]
[Date "2024.05.11"]
[Round "6.10"]
[White "Nemegeer, Arne"]
[Black "Kaber, Claude"]
[Result "1-0"]
[WhiteElo "2179"]
[BlackElo "1987"]
[PlyCount "29"]
[WhiteTeam "Koninklijke Brugse Schaakkring"]
[BlackTeam "Wasserbillig (LUX)"]

1. e4 c5 2. Nf3 e6 3. c3 Nf6 4. e5 Nd5 5. d4 cxd4 6. cxd4 b6 7. Bc4 Bb7 8. O-O
Qc7 9. Bb3 d6 10. Bd2 Nd7 11. Nc3 Nxc3 12. Bxc3 dxe5 13. dxe5 Nc5 14. Bc2 Be4
15. Bxe4 (15. Bxe4 Nxe4 16. Qa4+) 1-0

[Event "64. Offene Kölner Stadtmeisterschaft"]
[Site "Köln"]
[Date "2024.05.12"]
[Round "7.1"]
[White "Menzel, Maximilian"]
[Black "Poetsch, Hagen"]
[Result "0-1"]
[WhiteElo "2139"]
[BlackElo "2459"]
[PlyCount "80"]
[WhiteTeam "SG Porz e. V."]
[BlackTeam "SC Heusenstamm"]

1. d4 Nf6 2. Nf3 c5 3. d5 b5 4. c3 g6 5. e4 Nxe4 6. Bxb5 Bg7 7. O-O O-O 8. Re1
Nf6 9. Bf1 e6 10. d6 Bb7 11. Nbd2 Bd5 12. Ne5 Ne8 13. Nec4 f5 14. Nb3 f4 15.
Nxc5 Qc8 16. b4 Bxc3 17. Bb2 Bxb2 18. Nxb2 Nxd6 19. Nbd3 Nc6 20. Rc1 Qd8 21.
Qg4 Rf5 22. Nxf4 Ne5 23. Rxe5 Rxe5 24. Nxd5 Rxd5 25. Be2 Nf5 26. Bc4 Rd4 27.
Qe2 Qg5 28. Re1 Nh4 29. f4 Qxg2+ 30. Qxg2 Nxg2 31. Kxg2 Rxc4 32. Nxd7 Rd8 33.
Nc5 Rd2+ 34. Kg3 Rc3+ 35. Kg4 Rg2+ 36. Kh4 Rxh2+ 37. Kg5 Kf7 38. Ne4 h6+ 39.
Kg4 Rg2+ 40. Kh4 Rf3 0-1

[Event "64. Offene Kölner Stadtmeisterschaft"]
[Site "Köln"]
[Date "2024.05.12"]
[Round "7.2"]
[White "Marcziter, Dmitrii"]
[Black "Coenen, Michael"]
[Result "0-1"]
[WhiteElo "2221"]
[BlackElo "2368"]
[PlyCount "62"]
[WhiteTeam "SG Porz e. V."]
[BlackTeam "SV Dormagen 1947"]

1. d4 Nf6 2. c4 e6 3. Nf3 d5 4. Bg5 Bb4+ 5. Nc3 dxc4 6. e4 c5 7. Bxc4 cxd4 8.
Nxd4 Bxc3+ 9. bxc3 Qa5 10. Bb5+ Bd7 11. Bxf6 gxf6 12. Bxd7+ Nxd7 13. O-O a6 14.
Rb1 Rb8 15. f4 Qxa2 16. Nb3 Qa4 17. Qf3 O-O 18. Rfd1 Qc6 19. Qg3+ Kh8 20. Rd4
Rg8 21. Qf2 Nf8 22. c4 Ng6 23. Kh1 Rg7 24. f5 e5 25. Rdd1 Nf4 26. Nd2 Rxg2 27.
Qe3 Re2 28. Qf3 Rg8 29. Nf1 Rgg2 30. Rd8+ Kg7 31. Rbd1 Qc5 0-1

[Event "64. Offene Kölner Stadtmeisterschaft"]
[Site "Köln"]
[Date "2024.05.12"]
[Round "7.3"]
[White "Helmer, Jan"]
[Black "Gramb, Marius"]
[Result "1-0"]
[WhiteElo "2236"]
[BlackElo "2121"]
[PlyCount "81"]
[WhiteTeam "Hamelner SV"]
[BlackTeam "Brühler SK 1920 e. V."]

1. d4 Nf6 2. c4 e6 3. Nf3 d5 4. g3 Bb4+ 5. Bd2 Be7 6. Bg2 c6 7. O-O O-O 8. Bc3
Ne4 9. a4 a5 10. Nbd2 f5 11. Nxe4 fxe4 12. Nd2 Bf6 13. e3 Qe7 14. f3 exf3 15.
Bxf3 Nd7 16. Qb3 Bg5 17. Rae1 Kh8 18. e4 Bxd2 19. Bxd2 dxc4 20. Qxc4 e5 21. d5
Qc5+ 22. Qxc5 Nxc5 23. Be3 Nd7 24. Rc1 Nf6 25. dxc6 bxc6 26. Rxc6 Bb7 27. Rc5
Rfe8 28. Bd2 Bxe4 29. Rxa5 Bxf3 30. Rxf3 Kg8 31. Rxa8 Rxa8 32. a5 Kf7 33. b4 e4
34. Rb3 Ke6 35. b5 Nd7 36. b6 Nc5 37. b7 Rb8 38. Rb6+ Kd5 39. Bf4 Rxb7 40. Rxb7
Nxb7 41. a6 1-0

[Event "64. Offene Kölner Stadtmeisterschaft"]
[Site "Köln"]
[Date "2024.05.12"]
[Round "7.4"]
[White "Vlasov, Igor"]
[Black "Stillger, Bernhard"]
[Result "1/2-1/2"]
[WhiteElo "2048"]
[BlackElo "2262"]
[PlyCount "75"]
[WhiteTeam "Brühler SK 1920 e. V."]
[BlackTeam "SV Mülheim-Nord 1931 e"]

1. d4 Nf6 2. Nf3 e6 3. c4 Bb4+ 4. Nbd2 O-O 5. e3 b6 6. Bd3 Bb7 7. O-O d5 8. a3
Be7 9. Qc2 Nbd7 10. cxd5 exd5 11. b4 Bd6 12. Bb2 Qe7 13. Bf5 g6 14. Bh3 Ne4 15.
Nxe4 dxe4 16. Nd2 f5 17. g3 Bd5 18. Nc4 c6 19. Nxd6 Qxd6 20. a4 a6 21. Rfc1 b5
22. Bf1 Rfd8 23. Bc3 Nb6 24. axb5 axb5 25. Ra5 Na4 26. Rxa8 Rxa8 27. Ra1 g5 28.
Bd2 g4 29. h4 Qd7 30. Be2 Ra6 31. Qc1 Qb7 32. Ra3 Kf7 33. Qa1 Kg6 34. Kf1 Ra8
35. Ke1 Ra6 36. Bd1 Ra8 37. Bc2 Ra6 38. Bd1 1/2-1/2

[Event "64. Offene Kölner Stadtmeisterschaft"]
[Site "Köln"]
[Date "2024.05.12"]
[Round "7.5"]
[White "Nagel, Bernhard"]
[Black "Keller, Thomas"]
[Result "1-0"]
[WhiteElo "2171"]
[BlackElo "2218"]
[PlyCount "141"]
[WhiteTeam "Kölner SK Dr. Lasker 186"]
[BlackTeam "Brühler SK 1920 e. V."]

1. Nf3 Nf6 2. g3 g6 3. b3 d5 4. c4 d4 5. Bg2 Bg7 6. Bb2 c5 7. e3 Nc6 8. exd4
Ng4 9. O-O Nxd4 10. Nxd4 Bxd4 11. Bxd4 Qxd4 12. Nc3 O-O 13. Nd5 e6 14. Nc7 Bd7
15. Nxa8 Rxa8 16. Bxb7 Rd8 17. Qe2 h5 18. Rfe1 h4 19. Bf3 Nh6 20. g4 f5 21. h3
Nf7 22. Qe3 Qd6 23. gxf5 gxf5 24. Kh1 Kf8 25. Rg1 Bc6 26. Rae1 e5 27. Bxc6
Qxc6+ 28. f3 Rd4 29. Rg2 Rf4 30. Rf1 a5 31. Kg1 Rd4 32. Qe2 Qb6 33. Qe1 Rd3 34.
Qf2 Rd4 35. Qe3 Qd6 36. Rc1 Ke7 37. Rc3 Kf6 38. Kf1 Rf4 39. Qg1 Qd4 40. Ke2
Qxg1 41. Rxg1 Ng5 42. Rd3 Nxh3 43. Rd6+ Ke7 44. Rgg6 Ng1+ 45. Kd1 Nxf3 46. Ra6
Rd4 47. Ra7+ Kf8 48. Rf6+ Kg8 49. Rxf5 e4 50. Rxc5 Rxd2+ 51. Kc1 Rd8 52. Re7 h3
53. Rh5 h2 54. Rxe4 Rd2 55. Rg4+ Kf7 56. Rf4+ Kg6 57. Rh8 Rxa2 58. Rxf3 h1=Q+
59. Rxh1 Ra1+ 60. Kb2 Rxh1 61. Rf8 a4 62. bxa4 Kg7 63. Rf3 Kg6 64. Kb3 Rb1+ 65.
Kc3 Rc1+ 66. Kb4 Rb1+ 67. Kc5 Ra1 68. Kb5 Rb1+ 69. Kc6 Ra1 70. c5 Rxa4 71. Kb7
1-0

[Event "64. Offene Kölner Stadtmeisterschaft"]
[Site "Köln"]
[Date "2024.05.12"]
[Round "7.6"]
[White "Fohler, Claus"]
[Black "Van den Bosch, Arno"]
[Result "1/2-1/2"]
[WhiteElo "2189"]
[BlackElo "2044"]
[PlyCount "36"]
[WhiteTeam "Kölner Schachklub Dr. Lasker 186"]
[BlackTeam "Dolle Toren Leuven"]

1. d4 d5 2. Nc3 Nf6 3. Bf4 a6 4. Qd3 b5 5. e4 dxe4 6. Nxe4 Nd5 7. Bd2 e6 8. a3
Nd7 9. Qg3 N7f6 10. Bd3 Nxe4 11. Bxe4 Bb7 12. Nf3 Qd6 13. O-O-O Qb6 14. Rhe1 b4
15. Bxd5 Bxd5 16. axb4 Rb8 17. Ne5 Bxb4 18. c4 Qa5 1/2-1/2

[Event "64. Offene Kölner Stadtmeisterschaft"]
[Site "Köln"]
[Date "2024.05.12"]
[Round "7.7"]
[White "Kanli, Kaan"]
[Black "Nemegeer, Arne"]
[Result "1/2-1/2"]
[WhiteElo "2047"]
[BlackElo "2179"]
[PlyCount "59"]
[WhiteTeam "SG Rochade Brauw"]
[BlackTeam "Koninklijke Brugse Schaakkring"]

1. e4 c5 2. Nf3 d6 3. d4 cxd4 4. Nxd4 Nf6 5. Nc3 Nc6 6. f3 e5 7. Nb3 Be6 8. Nd5
Be7 9. c4 O-O 10. Be3 a5 11. Qd2 a4 12. Nc1 b5 13. Bd3 bxc4 14. Bxc4 Bxd5 15.
Bxd5 Nxd5 16. exd5 Nd4 17. Bxd4 exd4 18. O-O Ra5 19. Nd3 Rxd5 20. Nb4 Rc5 21.
a3 Bf6 22. Rae1 Qb6 23. Kh1 Qb5 24. f4 Rfc8 25. Re2 g6 26. Rfe1 Kg7 27. Kg1 Rc4
28. Kh1 R4c5 29. Kg1 Rc4 30. Kh1 1/2-1/2

[Event "64. Offene Kölner Stadtmeisterschaft"]
[Site "Köln"]
[Date "2024.05.12"]
[Round "7.8"]
[White "Kramer, Wolfgang"]
[Black "Huesmann, Thomas"]
[Result "0-1"]
[WhiteElo "1871"]
[BlackElo "2178"]
[PlyCount "80"]
[WhiteTeam "SV Herrenberg e.V."]
[BlackTeam "Aachener SV 1856 e. V."]

1. e4 e5 2. d4 exd4 3. Qxd4 Nc6 4. Qd3 g6 5. Nc3 Bg7 6. f4 Nge7 7. Nf3 O-O 8.
Be3 d5 9. O-O-O dxe4 10. Qxd8 Rxd8 11. Rxd8+ Nxd8 12. Nxe4 b6 13. Bd4 Bb7 14.
Bxg7 Kxg7 15. Ned2 Ne6 16. g3 Nf5 17. Bh3 Ned4 18. Bxf5 Nxf5 19. Re1 h5 20. c3
Rd8 21. Nd4 Nxd4 22. cxd4 Kf6 23. Ne4+ Kf5 24. Ng5 Rd7 25. Re5+ Kf6 26. Ne4+
Bxe4 27. Rxe4 Kf5 28. Re2 Kg4 29. Rd2 Rd5 30. Kc2 c5 31. dxc5 Rxd2+ 32. Kxd2
bxc5 33. Ke3 Kh3 34. b3 Kxh2 35. Kf2 Kh3 36. Kf3 a6 37. f5 gxf5 38. a4 a5 39.
Kf2 Kg4 40. Kg2 f4 0-1

[Event "64. Offene Kölner Stadtmeisterschaft"]
[Site "Köln"]
[Date "2024.05.12"]
[Round "7.9"]
[White "Wiekert, Martin"]
[Black "Surányi, Pál"]
[Result "1-0"]
[WhiteElo "2240"]
[BlackElo "2026"]
[PlyCount "85"]
[WhiteTeam "Kölner SK Dr. Lasker 186"]
[BlackTeam "SV 03/25 Koblenz"]

1. d4 Nf6 2. Nf3 g6 3. Nbd2 d5 4. b3 Bg7 5. Bb2 O-O 6. e3 Nbd7 7. Be2 c5 8. O-O
cxd4 9. exd4 b6 10. Re1 Bb7 11. Bd3 Re8 12. Qe2 e6 13. a4 Qc7 14. Rac1 Rac8 15.
Bb5 Red8 16. Qe3 Bc6 17. Bd3 Qd6 18. Ne5 Nb8 19. h3 Be8 20. g4 a6 21. Qe2 Bh6
22. Ra1 b5 23. a5 Nfd7 24. Ndf3 f6 25. g5 fxe5 26. dxe5 Qf8 27. gxh6 Qxh6 28.
Bc1 Qxh3 29. Ng5 Qh5 30. Qxh5 gxh5 31. Nxe6 Nc5 32. Nxd8 Nxd3 33. cxd3 Rxd8 34.
Ba3 Nc6 35. Bc5 Bg6 36. d4 Be4 37. Re3 Kf7 38. Rg3 h4 39. Rg4 h3 40. Rf4+ Kg8
41. f3 Bc2 42. b4 Re8 43. Kh2 1-0